000 00842nam a2200277Ia 4500
003 OSt
005 20220928130400.0
006 a|||||r|||| 00| 0
007 ta
008 220927b |||||||| |||| 00| 0 eng d
020 _c3697.2600000000002
024 _a129304
037 _b177, 03/03/2016, Excel Book International
_cTextual
040 _aSDCL
_cSDCL
_beng
041 _2eng
_aeng
082 _aD6,8(B),942, Q5
100 _aDelfs Hans
_9473751
245 0 _aIntroduction to crytography
_b Principles and applications
250 _a3rd
260 _aHeidelberg
_bSpringer
_c2015
300 _axx;508p.
_ccm.
650 _aI I C
700 _a Knebl Helmut
_9473752
942 _hD6,8(B),942, Q5
_cTEXL
_2CC
999 _c786349
_d786349